000 00489pam a2200181 a 4500
020 _a978142004320
_c9613.90
041 _aeng
_hNULL
082 _a614.10222
_bCAT
100 _aCATANESE, C .
245 _aCOLOR ATLAS OF FORENSIC MEDICINE AND PATHOLOGY /
_cNULL.
_hTextual Documents
260 _aNULL :
_bC RC PRESS ,
_c2010.
300 _a401 :
_bXVII ;
_cA4 .
365 _a9613.90
504 _aFMT
653 _aFORENSIC MEDICINE
930 _a3964
999 _c798498
_d798498